Histoire Contemporaine - Statistiques

Statistiques générales
  • Ce quiz a été pris 106 fois
  • Le résultat moyen est 5 sur 41
Statistiques - réponses
Hint Réponse % Correct
Qui est la première puissance coloniale au XXe siècle ? Le Royaume-Uni
72%
Qui est élu en 1837 au Landstag ? Otto von Bismarck
43%
Qui a dit "L'Empire, c'est la paix" ? Napoléon III
39%
En 1914, à combien ( en pourcentage ) l'empire colonial revient-il à la France en terme d'économie ? 12%
38%
Quel aliment cause une crise alimentaire en 1830 ? La pomme de terre
32%
Ou est signé l'unification de l'Allemagne ? A Versailles
25%
Quel est le premier port colonial français ? Marseille
25%
Quand s'est achevée l'unification de l'Italie ? 1870
22%
Qu'est-ce qui est considéré comme le "nerf de la guerre" ? L'argent
18%
Quelle est l'alliance signée en 1815 entre Alexandre Ier et Frédéric-Guillaume III ? La Sainte Alliance
18%
Combien de pays sont impliqués dans la Première Guerre Mondiale ? 27
16%
Qui sont les nouvelles cibles de guerre ? Les civils
14%
Comment s'appelle "l'union douanière" allemande ? le Zollverein
14%
Quel pays obtient son indépendance en 1832 ? La Grèce
13%
Quel est le 2e produit le plus exporté au monde au XIXe siècle ? Le Charbon
13%
Qui est le chancelier autrichien le plus célèbre au XIXe siècle ? Metternich
12%
Quel terme anachronique apparaît après la Première Guerre Mondiale ? La "Guerre Totale"
11%
Quel traité est signé en 1871 entre l'Allemagne et la France ? Le Traité de Francfort
8%
Qui écrit en 1905 L'éthique des protestants et l’esprit du capitalisme ? Max Weber
8%
Comment s'appelle l'Union mise en place par Raymond Poincaré ? L'Union Sacrée
7%
Quel mouvement est présent en Angleterre notamment dans les milieux ouvriers ? Le chartisme
5%
Quelle convention a lieu en 1864 ? La Convention de Genève
4%
Quelle guerre commence en 1864 ? La guerre des duchés
4%
Quand est-ce que Louis-Napoléon Bonaparte effectue-t-il son coup d'Etat ? Le 2 décembre 1850
4%
Quel livre est écrit par M.M Bokolo en rapport avec la colonisation ? L'Afrique au XXe siècle
3%
Quelle révolte coloniale a lieu en 1857 ? La révolte des cipayes
3%
Quelle loi met en place le "délit de coalition" en 1791 ? La loi Le Chapelier
1%
Quelle révolte a lieu en Aout 1819 ? La révolte de Peterlow
1%
Quel pacte est renouvelé par la Quadruple Alliance ? Le pacte de Chaumont
1%
Quelles lois sont mises en places depuis le Moyen Age et annulées en 1846 ? Les Corn Laws
1%
Qui écrit " à chaud " Une Histoire de la Révolution de 1848 ? Marie d'Agoult
1%
Comment appelle-t-on des pensées socialistes qui ne sont pas individualistes ? Des pensées holistes
0%
Qui parle en premier du principe des nationalités ? Germaine De Stael
0%
Qu'est-ce qui est créé en 1815 en Allemagne ? La Confédération Allemande
0%
Quel évènement a lieu à Paris en 1889 ? La seconde Internationale
0%
Qu'est-ce que la loi du 13 avril 1900 ? L'autosuffisance financière imposée aux nouveaux territoires sous domination
0%
Quand est votée la loi qui limite largement l'exercice du suffrage universel, en particulier pour les ouvriers ? Le 31 mai 1850
0%
Les britannique sont au cœur du marché mondial car le livre sterling est la monnaie des échanges internationaux indexé sur l’or. C’est... Le gold stend art
0%
Quel est l'évènement qui a lieu le 18 mars 1848 en Allemagne ? Les Barricades à Berlin
0%
Quel est le traité signé en 1860 entre l'Angleterre et la France ? Le Traité Cobden-Chevalier
0%
Quel évènement a lieu le 19 septembre 1914 ? L'incendie de la Cathédrale de Reims
0%
Aucun quiz correspondant
Distribution des résultats
% des personnes avec chaque résultat
Percentile par nombre de réponses
Votre historique - résultats
Vous n’avez pas pris ce quiz